Valuation of the parish of Shitlington in the county of Bedford for the new assessment (Record no. 104202)

MARC details
000 -LEADER
fixed length control field 00726ctm a22002175a 4500
001 - CONTROL NUMBER
control field L129467
008 - FIXED-LENGTH DATA ELEMENTS--GENERAL INFORMATION
fixed length control field 050420s1838 xxk 000 0 eng u
035 ## - SYSTEM CONTROL NUMBER
System control number (Sirsi) u129467
041 ## - LANGUAGE CODE
Language code of text/sound track or separate title eng
100 1# - MAIN ENTRY--PERSONAL NAME
Personal name Overman, T. W.
245 00 - TITLE STATEMENT
Title Valuation of the parish of Shitlington in the county of Bedford for the new assessment
Medium [manuscript]
260 ## - PUBLICATION, DISTRIBUTION, ETC.
Date of publication, distribution, etc. 1838
300 ## - PHYSICAL DESCRIPTION
Extent 1 v.
Dimensions 33cm.
520 ## - SUMMARY, ETC.
Summary, etc. Sets out the rateable value of properties in Shitlington. Includes details of occupiers, owners and the type of property held.
583 ## - ACTION NOTE
Action Condition reviewed
Time/date of action 20120620
Status condition level 2
651 #4 - SUBJECT ADDED ENTRY--GEOGRAPHIC NAME
Geographic name Bedfordshire
690 ## - LOCAL SUBJECT ADDED ENTRY--TOPICAL TERM (OCLC, RLIN)
Topical term or geographic name as entry element Valuation
9 (RLIN) 6273
700 1# - ADDED ENTRY--PERSONAL NAME
Personal name Bennett, Samuel
700 1# - ADDED ENTRY--PERSONAL NAME
Personal name Eve, Richard
942 ## - ADDED ENTRY ELEMENTS (KOHA)
Suppress in OPAC 0
Holdings
Withdrawn status Lost status Source of classification or shelving scheme Damaged status Not for loan Home library Current library Shelving location Date acquired Total Checkouts Full call number Barcode Date last seen Copy number Price effective from Koha item type
    Dewey Decimal Classification     Historic collection Historic collection Historic collection 20/04/2005   FOLIO 1838 OVERMAN 30075891 06/08/2019 1 06/08/2019 Book